New Spanish design / (Record no. 19503)
[ view plain ]
| 000 -LEADER | |
|---|---|
| fixed length control field | 00817nam a2200265 a 4500 |
| 001 - CONTROL NUMBER | |
| control field | 19503 |
| 003 - CONTROL NUMBER IDENTIFIER | |
| rucl marc code | BD-RjUL |
| 005 - DATE AND TIME OF LATEST TRANSACTION | |
| control field | 20211209000436.0 |
| 008 - FIXED-LENGTH DATA ELEMENTS--GENERAL INFORMATION | |
| fixed length control field | 140224s1991 nyua b 001 0 eng |
| 020 ## - INTERNATIONAL STANDARD BOOK NUMBER | |
| International Standard Book Number | 0847812332 |
| 035 ## - SYSTEM CONTROL NUMBER | |
| System control number | (BD-RjUL)19563 |
| 040 ## - CATALOGING SOURCE | |
| Original cataloging agency | DLC |
| Transcribing agency | DLC |
| Modifying agency | BD-RjUL |
| Language of cataloging | eng |
| 041 ## - LANGUAGE CODE | |
| Language code of text/sound track or separate title | eng |
| 082 00 - DEWEY DECIMAL CLASSIFICATION NUMBER | |
| Classification number | 745.449460904 |
| Edition number | 20 |
| Author mark and year | JUN 1991 |
| 100 1# - MAIN ENTRY--PERSONAL NAME | |
| Personal name | Julier, Guy. |
| 9 (RLIN) | 59912 |
| 245 10 - TITLE STATEMENT | |
| Title | New Spanish design / |
| Statement of responsibility, etc. | Guy Julier. |
| 260 ## - PUBLICATION, DISTRIBUTION, ETC. (IMPRINT) | |
| Place of publication, distribution, etc. | New York : |
| Name of publisher, distributor, etc. | Rizzoli, |
| Date of publication, distribution, etc. | 1991. |
| 300 ## - PHYSICAL DESCRIPTION | |
| Pagination | 191 p. : |
| Illustrations | ill. (some col.) ; |
| Size | 26 cm. |
| 504 ## - BIBLIOGRAPHY, ETC. NOTE | |
| Bibliography, etc | Includes bibliographical references (p. 185-186) and index. |
| 650 #0 - SUBJECT ADDED ENTRY--TOPICAL TERM | |
| Topical term or geographic name as entry element | Design |
| Geographic subdivision | Spain |
| General subdivision | History |
| Chronological subdivision | 20th century. |
| 9 (RLIN) | 59913 |
| Topical term or geographic name as entry element | Industrial design |
| Geographic subdivision | Spain |
| General subdivision | History |
| Chronological subdivision | 20th century. |
| 9 (RLIN) | 59914 |
| 942 ## - ADDED ENTRY ELEMENTS (KOHA) | |
| Source of classification or shelving scheme | Dewey Decimal Classification |
| Koha item type | Books |
| Lost status | Source of classification or shelving scheme | Damaged status | Not for loan | Collection code | Permanent Location | Current Location | Shelving location | Date acquired | Source of acquisition | Cost, normal purchase price | Total Checkouts | Full call number | Date last seen | Copy number | Koha item type |
|---|---|---|---|---|---|---|---|---|---|---|---|---|---|---|---|
| Dewey Decimal Classification | Not For Loan | Non-fiction | Central Library, University of Rajshahi | Central Library, University of Rajshahi | Reading Room | 08/10/2005 | Paragon Enterprises | 35.00 | 745.449460904 JUN 1991 | 24/02/2014 | C-1 | Books |